000
00308nam a2200133Ia 4500
100
_a
Narang
650
_a
Automobiles
942
_c
BK
654
_a
Instruments Mechanics Solved Papers
245
_a
Instruments Mechanics Solved Papers
260
_b
New Heights
_a
NewDelhi
546
_a
HINDI
999
_c
33732
_d
33732